<?xml version="1.0" encoding="UTF-8"?>
<record
    xmlns:xsi="http://www.w3.org/2001/XMLSchema-instance"
    xsi:schemaLocation="http://www.loc.gov/MARC21/slim http://www.loc.gov/standards/marcxml/schema/MARC21slim.xsd"
    xmlns="http://www.loc.gov/MARC21/slim">

  <leader>01100nam a22002657a 4500</leader>
  <datafield tag="999" ind1=" " ind2=" ">
    <subfield code="c">63487</subfield>
    <subfield code="d">63487</subfield>
  </datafield>
  <controlfield tag="005">20240530110644.0</controlfield>
  <controlfield tag="008">171029s2015    ua     g      000 0 ara d</controlfield>
  <datafield tag="017" ind1=" " ind2=" ">
    <subfield code="a">2012/5482</subfield>
    <subfield code="b">&#x645;&#x635;&#x631;. &#x62F;&#x627;&#x631; &#x627;&#x644;&#x643;&#x62A;&#x628;</subfield>
  </datafield>
  <datafield tag="020" ind1=" " ind2=" ">
    <subfield code="a">9789773506560</subfield>
  </datafield>
  <datafield tag="040" ind1=" " ind2=" ">
    <subfield code="a">EG-CaGPL</subfield>
    <subfield code="c">EG-CaGPL</subfield>
  </datafield>
  <datafield tag="082" ind1="0" ind2="4">
    <subfield code="2">21</subfield>
    <subfield code="a">302.23\</subfield>
    <subfield code="b">&#x649; &#x62A;</subfield>
  </datafield>
  <datafield tag="100" ind1="0" ind2=" ">
    <subfield code="a">&#x64A;&#x648;&#x633;&#x641; &#x645;&#x62D;&#x645;&#x62F; &#x645;&#x62D;&#x645;&#x62F; .</subfield>
  </datafield>
  <datafield tag="245" ind1="1" ind2="2">
    <subfield code="a">&#x627;&#x644;&#x62A;&#x62E;&#x637;&#x64A;&#x637; &#x627;&#x644;&#x627;&#x633;&#x62A;&#x631;&#x627;&#x62A;&#x64A;&#x62C;&#x649; &#x641;&#x649; &#x627;&#x644;&#x627;&#x639;&#x644;&#x627;&#x645; &#x627;&#x644;&#x62C;&#x645;&#x627;&#x647;&#x64A;&#x631;&#x649; :</subfield>
    <subfield code="c">&#x64A;&#x648;&#x633;&#x641; &#x645;&#x62D;&#x645;&#x62F; &#x645;&#x62D;&#x645;&#x62F; .</subfield>
    <subfield code="b">&#x627;&#x62B;&#x627;&#x631; &#x639;&#x644;&#x645; &#x627;&#x644;&#x627;&#x62A;&#x635;&#x627;&#x644; &#x648; &#x627;&#x62F;&#x648;&#x627;&#x62A;&#x647; &#x627;&#x644;&#x627;&#x644;&#x643;&#x62A;&#x631;&#x648;&#x646;&#x64A;&#x629; &#x639;&#x644;&#x649; &#x627;&#x644;&#x627;&#x645;&#x646; &#x627;&#x644;&#x645;&#x62C;&#x62A;&#x645;&#x639;&#x649; /</subfield>
  </datafield>
  <datafield tag="250" ind1=" " ind2=" ">
    <subfield code="a">&#x637;.1</subfield>
  </datafield>
  <datafield tag="260" ind1=" " ind2=" ">
    <subfield code="a">&#x627;&#x644;&#x642;&#x627;&#x647;&#x631;&#x629; : </subfield>
    <subfield code="b">&#x62F;&#x627;&#x631; &#x627;&#x644;&#x643;&#x62A;&#x627;&#x628; &#x627;&#x644;&#x62D;&#x62F;&#x64A;&#x62B; &#x60C;</subfield>
    <subfield code="c">2015 .</subfield>
  </datafield>
  <datafield tag="300" ind1=" " ind2=" ">
    <subfield code="a">363 &#x635;. &#x61B;</subfield>
    <subfield code="c">24 &#x633;&#x645;.</subfield>
  </datafield>
  <datafield tag="490" ind1=" " ind2=" ">
    <subfield code="a">&#x633;&#x644;&#x633;&#x644;&#x629; &#x628;&#x646;&#x627;&#x621; &#x627;&#x644;&#x627;&#x62A;&#x635;&#x627;&#x644; : &#x627;&#x644;&#x643;&#x62A;&#x627;&#x628; &#x627;&#x644;&#x62B;&#x627;&#x644;&#x62B; </subfield>
  </datafield>
  <datafield tag="650" ind1="0" ind2="7">
    <subfield code="2">qrmak</subfield>
    <subfield code="a">&#x627;&#x644;&#x627;&#x639;&#x644;&#x627;&#x645; </subfield>
  </datafield>
  <datafield tag="650" ind1="0" ind2="7">
    <subfield code="2">qrmak</subfield>
    <subfield code="a">&#x627;&#x644;&#x627;&#x62A;&#x635;&#x627;&#x644;&#x627;&#x62A; &#x627;&#x644;&#x627;&#x644;&#x643;&#x62A;&#x631;&#x648;&#x646;&#x64A;&#x629; </subfield>
  </datafield>
  <datafield tag="650" ind1="0" ind2="7">
    <subfield code="2">qrmak</subfield>
    <subfield code="a">&#x648;&#x633;&#x627;&#x626;&#x644; &#x627;&#x644;&#x627;&#x62A;&#x635;&#x627;&#x644; </subfield>
  </datafield>
  <datafield tag="650" ind1="0" ind2="7">
    <subfield code="2">qrmak</subfield>
    <subfield code="a">&#x627;&#x644;&#x627;&#x639;&#x644;&#x627;&#x645; &#x627;&#x644;&#x62C;&#x645;&#x627;&#x647;&#x64A;&#x631;&#x649; </subfield>
  </datafield>
  <datafield tag="651" ind1=" " ind2=" ">
    <subfield code="2">qrmak</subfield>
  </datafield>
  <datafield tag="942" ind1=" " ind2=" ">
    <subfield code="2">ddc</subfield>
    <subfield code="c">BK</subfield>
  </datafield>
  <datafield tag="952" ind1=" " ind2=" ">
    <subfield code="0">0</subfield>
    <subfield code="1">0</subfield>
    <subfield code="4">0</subfield>
    <subfield code="7">0</subfield>
    <subfield code="a">CAI</subfield>
    <subfield code="b">CAI</subfield>
    <subfield code="c">MAIN-LIBRARY</subfield>
    <subfield code="d">2017-10-29</subfield>
    <subfield code="l">0</subfield>
    <subfield code="o">302.23\ &#x649; &#x62A;</subfield>
    <subfield code="p">163552</subfield>
    <subfield code="r">2017-10-29 00:00:00</subfield>
    <subfield code="w">2017-10-29</subfield>
    <subfield code="y">BK</subfield>
  </datafield>
</record>
